000 01404cpcaa2200289 a 4500
001 mm2009085479
003 DLC
005 20260227111731.0
008 090821|||||||||||| eng
010 _amm2009085479
040 _aDLC
_cDLC
_edacs
_dDLC
072 7 _aW
_2lcmd
100 1 _aEllsworth, E. E.
_q(Elmer Ephraim),
_d1837-1861.
245 0 0 _aE.E. Ellsworth autobiographical account,
_f1861.
300 _a1
_fitem.
506 0 _aOpen to research.
520 8 _aAutobiographical account written by Ellsworth while accompanying President-elect Abraham Lincoln on his inaugural journey from Springfield, Ill., to Washington, D.C., in February 1861. Ellsworth describes his military career as founder of the 11th New York Infantry Regiment (also known as Ellsworth's Zouaves).
545 0 _aU.S. Army officer and lawyer. Ellsworth studied law with Abraham Lincoln prior to working on Lincoln's presidential campaign.
546 _aCollection material in English.
580 _aForms part of: Miscellaneous Manuscripts collection.
600 1 0 _aLincoln, Abraham,
_d1809-1865.
610 1 0 _aUnited States.
_bArmy.
_bNew York Infantry Regiment, 11th (1861-1862)
656 7 _aArmy officers.
_2itoamc
656 7 _aLawyers.
_2itoamc
999 _c44799
_d44799